000 00592nmm a2200193Ia 4500
008 251105s9999||||xx |||||||||||||||||und||
020 _a9788417541569
041 _aspa
100 _aWest, Carly Anne
245 0 _aPiezas sueltas. Hello Neighbor 1
264 _a[Madrid, España] :
_bRoca Editorial,
_c[Fecha de publicación no identificada]
300 _a0 páginas
490 _aRoca Juvenil
650 _aTeen & Young Adult Fiction
700 _aWest, Carly Anne
700 1 _a Angulo Fernández, María
856 _uhttps://public.digitaliapublishing.com/a/82262
942 _cCF
999 _c72562
_d72562